| 000 | 00369nam a22001577a 4500 | ||
|---|---|---|---|
| 003 | OSt | ||
| 008 | 240502b |||||||| |||| 00| 0 eng d | ||
| 020 | _a9789387788398 | ||
| 082 | _a691 DUB | ||
| 100 | _aDUGGAL, SK | ||
| 245 | _aBuilding Materials | ||
| 250 | _a5th Ed | ||
| 260 |
_aNew Delhi _bNew Age International 2014 _c2021 |
||
| 300 | _a600 | ||
| 942 |
_2ddc _cBK |
||
| 999 |
_c12605 _d12605 |
||